Mnemosyne: el paralelismo entre la Literatura y las Artes Visuales
Saved in:
| 主要作者: | |
|---|---|
| 格式: | 圖書 |
| 語言: | 西班牙语 |
| 出版: |
Madrid
Taurus Ediciones
1979
|
| 叢編: | Pensamiento
|
| 主題: | |
| 標簽: |
添加標簽
沒有標簽, 成為第一個標記此記錄!
|
MARC
| LEADER | 00000cam a2200000 a 4500 | ||
|---|---|---|---|
| 001 | UCF2528 | ||
| 003 | CL-VaPUC | ||
| 008 | 120824e19790000SP |||||||||||||||||spa|d | ||
| 020 | |a 9788430606375 | ||
| 082 | 0 | 4 | |a 701.18 |b PRA |2 21 |
| 100 | |a Praz, Mario |e author |9 324795 | ||
| 245 | 1 | 0 | |a Mnemosyne: el paralelismo entre la Literatura y las Artes Visuales |
| 300 | |a 260 p | ||
| 942 | |c BK | ||
| 945 | |d 20120824 00:00:00 |a dcastane | ||
| 260 | |a Madrid |b Taurus Ediciones |c 1979 | ||
| 650 | 0 | |a Artes visuales |9 336870 | |
| 650 | 0 | |a Crítica e interpretación |9 255042 | |
| 583 | |a last modification |c 20120824 12:41:00 |k Rodrigo Vera | ||
| 490 | 0 | |a Pensamiento | |
| 999 | |c 349084 |d 349082 | ||
| 952 | |0 0 |1 0 |2 ddc |4 0 |6 701_180000000000000_PRA_1979 |7 0 |8 A |9 451478 |a BIBART |b BIBART |d 2019-11-22 |i 4897021 |l 1 |o 701.18 PRA 1979 |p 4897021 |r 2025-03-13 |s 2024-04-10 |w 2019-11-22 |y BK |k ART | ||